000 00463 a2200169 4500
003 OSt
005 20231007130302.0
008 231007b |||||||| |||| 00| 0 eng d
020 _a9781529158793
040 _coclc
082 _a823
_bSOL/I
100 1 _aSolomons, Natasha
_99697
245 _aI, Mona Lisa /
_cNatasha Solomons
260 _aIndia:
_bPenguin Books,
_c2023.
300 _a365 p
942 _2ddc
_cBK
_h823
_iSOL/I
_k823
_mSOL/I
999 _c42576
_d42576